| 000 | 00505cam a22001337a 4500 | ||
|---|---|---|---|
| 008 | 180718b xxu||||| |||| 00| 0 eng d | ||
| 082 | _aT41x54 R311R | ||
| 100 | _aIndia. Committee to Review the Working of the Monetary System | ||
| 245 |
_aReport of the Committee to Review the Working of the Monetary System _cby Reserve Bank of India |
||
| 260 |
_aBombay _bReserve Bank of India _c |
||
| 500 | _aChairman: Sukhamoy Chakravarty | ||
| 700 | _aReserve Bank of India | ||
| 700 | _aChakravarty, Sukhamoy (Chairman) | ||
| 999 |
_c491331 _d491331 |
||